[Event "DVM U14 2019"]
[Site "Magdeburg GER"]
[Date "2019.12.28"]
[Round "3"]
[White "Eilenberg, Jonas"]
[Black "Weihrauch, Jakob"]
[Result "1-0"]
[Termination "normal"]
[Board "1.1"]
[WhiteElo "2112"]
[BlackElo "2169"]
[WhiteClock "00:40:49"]
[BlackClock "00:16:14"]
[WhiteTeam "SV Königsjäger Süd-West e.V."]
[BlackTeam "Hamburger SK"]
[PlyCount "155"]
[WhiteFideId "16204271"]
[BlackFideId "16210115"]
[EventCountry "GER"]
[EventRounds "7"]
[EventType "team-swiss"]
[EventDate "2019.12.26"]

1. d4 {[%clk 1:30:57]} Nf6 {[%clk 1:30:48]} 2. Nf3 {[%clk 1:31:06]} e6 {[%clk
1:31:13]} 3. e3 {[%clk 1:31:31]} d5 {[%clk 1:28:51]} 4. Bd3 {[%clk 1:31:47]} c5
{[%clk 1:29:05]} 5. c3 {[%clk 1:32:06]} Nc6 {[%clk 1:28:57]} 6. O-O {[%clk
1:32:29]} Be7 {[%clk 1:29:25]} 7. Nbd2 {[%clk 1:32:52]} O-O {[%clk 1:29:43]} 8.
dxc5 {[%clk 1:33:18]} Bxc5 {[%clk 1:30:07]} 9. b4 {[%clk 1:33:44]} Be7 {[%clk
1:30:30]} 10. Bb2 {[%clk 1:34:07]} e5 {[%clk 1:30:16]} 11. e4 {[%clk 1:33:15]}
Bg4 {[%clk 1:28:58]} 12. b5 {[%clk 1:28:31]} Na5 {[%clk 1:28:21]} 13. Qc2
{[%clk 1:22:26]} dxe4 {[%clk 1:22:10]} 14. Bxe4 {[%clk 1:21:39]} Qc7 {[%clk
1:20:06]} 15. c4 {[%clk 1:13:38]} Nxe4 {[%clk 1:16:00]} 16. Qxe4 {[%clk
1:13:55]} Bxf3 {[%clk 1:14:13]} 17. gxf3 {[%clk 1:06:08]} Rad8 {[%clk 0:57:21]}
18. Nb3 {[%clk 0:57:34]} f5 {[%clk 0:40:39]} 19. Qxe5 {[%clk 0:56:07]} Qxe5
{[%clk 0:40:54]} 20. Bxe5 {[%clk 0:56:35]} Nxc4 {[%clk 0:41:14]} 21. f4 {[%clk
0:54:08]} Rd5 {[%clk 0:39:09]} 22. Rfe1 {[%clk 0:52:22]} Bb4 {[%clk 0:37:07]}
23. Red1 {[%clk 0:48:28]} Rfd8 {[%clk 0:36:05]} 24. Rxd5 {[%clk 0:46:08]} Rxd5
{[%clk 0:36:30]} 25. Bb8 {[%clk 0:41:19]} Rxb5 {[%clk 0:21:21]} 26. Bxa7 {[%clk
0:39:38]} Bd6 {[%clk 0:21:19]} 27. Rc1 {[%clk 0:36:41]} Rb4 {[%clk 0:21:29]}
28. Bc5 {[%clk 0:30:15]} Bxc5 {[%clk 0:20:36]} 29. Nxc5 {[%clk 0:30:42]} b5
{[%clk 0:20:01]} 30. Na6 {[%clk 0:29:54]} Ra4 {[%clk 0:19:49]} 31. Nc7 {[%clk
0:30:12]} Rxa2 {[%clk 0:12:31]} 32. Nxb5 {[%clk 0:30:09]} Ra4 {[%clk 0:10:06]}
33. Nc3 {[%clk 0:27:25]} Ra5 {[%clk 0:10:35]} 34. Ne2 {[%clk 0:27:17]} Nb6
{[%clk 0:09:28]} 35. Nd4 {[%clk 0:25:18]} g6 {[%clk 0:09:06]} 36. Kg2 {[%clk
0:24:05]} Nd5 {[%clk 0:09:17]} 37. Ne6 {[%clk 0:21:13]} Ra6 {[%clk 0:07:59]}
38. Rc8+ {[%clk 0:21:26]} Kf7 {[%clk 0:08:24]} 39. Ng5+ {[%clk 0:21:51]} Kg7
{[%clk 0:08:18]} 40. Rc4 {[%clk 0:21:09]} h6 {[%clk 0:07:54]} 41. Nf3 {[%clk
0:21:20]} Ra2 {[%clk 0:08:02]} 42. Kg3 {[%clk 0:20:59]} Nf6 {[%clk 0:08:24]}
43. Rc7+ {[%clk 0:20:53]} Kf8 {[%clk 0:08:26]} 44. Nh4 {[%clk 0:16:57]} Ne4+
{[%clk 0:08:54]} 45. Kf3 {[%clk 0:17:23]} Rxf2+ {[%clk 0:08:08]} 46. Ke3 {[%clk
0:17:51]} Rxh2 {[%clk 0:07:28]} 47. Nxg6+ {[%clk 0:18:17]} Ke8 {[%clk 0:07:49]}
48. Kd4 {[%clk 0:16:38]} Kd8 {[%clk 0:03:58]} 49. Ra7 {[%clk 0:15:14]} h5
{[%clk 0:26:56]} 50. Ke5 {[%clk 0:43:07]} Ng3 {[%clk 0:24:59]} 51. Ra3 {[%clk
0:41:48]} Rg2 {[%clk 0:23:14]} 52. Nh4 {[%clk 0:41:04]} Re2+ {[%clk 0:21:54]}
53. Kf6 {[%clk 0:40:45]} Rh2 {[%clk 0:21:18]} 54. Rxg3 {[%clk 0:40:41]} Rxh4
{[%clk 0:21:43]} 55. Kxf5 Ke7 56. Ke5 {[%clk 0:39:01]} Kf7 {[%clk 0:22:21]} 57.
Rb3 {[%clk 0:39:15]} Rh1 {[%clk 0:22:20]} 58. Rb7+ Ke8 {[%clk 0:21:21]} 59. Kf6
{[%clk 0:39:56]} h4 60. Rb8+ {[%clk 0:39:54]} Kd7 {[%clk 0:22:11]} 61. Rh8
{[%clk 0:39:24]} h3 {[%clk 0:22:32]} 62. f5 {[%clk 0:39:47]} h2 {[%clk
0:22:50]} 63. Rh3 {[%clk 0:39:27]} Kd8 {[%clk 0:22:57]} 64. Rh7 {[%clk
0:39:14]} Ke8 {[%clk 0:23:21]} 65. Re7+ {[%clk 0:39:08]} Kd8 {[%clk 0:23:23]}
66. Re2 {[%clk 0:39:00]} Kd7 {[%clk 0:23:43]} 67. Rg2 Kd8 68. Rf2 {[%clk
0:37:32]} Ke8 {[%clk 0:23:41]} 69. Rd2 {[%clk 0:38:04]} Ra1 {[%clk 0:15:58]}
70. Rxh2 Ra6+ {[%clk 0:16:20]} 71. Kg7 {[%clk 0:38:26]} Ra7+ {[%clk 0:16:46]}
72. Kg6 {[%clk 0:38:52]} Ra1 {[%clk 0:15:46]} 73. Rh8+ {[%clk 0:39:15]} Ke7
{[%clk 0:16:02]} 74. f6+ {[%clk 0:39:37]} Ke6 {[%clk 0:15:43]} 75. Re8+ {[%clk
0:40:03]} Kd7 {[%clk 0:16:09]} 76. f7 {[%clk 0:40:25]} Rg1+ {[%clk 0:16:06]}
77. Kh5 {[%clk 0:40:49]} Rh1+ {[%clk 0:16:14]} 78. Kg4 1-0

[Event "DVM U14 2019"]
[Site "Magdeburg GER"]
[Date "2019.12.28"]
[Round "3"]
[White "Garner, Isaac"]
[Black "Abed, Karim"]
[Result "1-0"]
[Termination "normal"]
[Board "1.2"]
[WhiteElo "2040"]
[BlackElo "1513"]
[WhiteClock "00:10:26"]
[BlackClock "00:06:47"]
[WhiteTeam "Hamburger SK"]
[BlackTeam "SV Königsjäger Süd-West e.V."]
[PlyCount "77"]
[WhiteFideId "16239261"]
[BlackFideId "16242785"]
[EventCountry "GER"]
[EventRounds "7"]
[EventType "team-swiss"]
[EventDate "2019.12.26"]

1. e4 {[%clk 1:30:56]} c5 {[%clk 1:30:51]} 2. Nf3 {[%clk 1:31:21]} Nc6 {[%clk
1:31:16]} 3. d4 {[%clk 1:31:46]} cxd4 {[%clk 1:31:41]} 4. Nxd4 {[%clk 1:32:11]}
g6 {[%clk 1:31:57]} 5. c4 {[%clk 1:32:31]} Bg7 {[%clk 1:31:54]} 6. Be3 {[%clk
1:32:54]} Nf6 {[%clk 1:32:01]} 7. Nc3 {[%clk 1:33:16]} d6 {[%clk 1:32:01]} 8.
Be2 {[%clk 1:33:12]} O-O {[%clk 1:31:37]} 9. O-O {[%clk 1:32:45]} Bd7 {[%clk
1:30:27]} 10. Rc1 {[%clk 1:29:43]} Rc8 {[%clk 1:28:41]} 11. f3 {[%clk 1:29:17]}
a6 {[%clk 1:08:49]} 12. Qd2 {[%clk 1:21:17]} h5 {[%clk 1:03:40]} 13. Rfd1
{[%clk 1:13:43]} Ne5 {[%clk 1:02:52]} 14. b3 {[%clk 1:12:42]} Qc7 {[%clk
0:57:53]} 15. Nd5 {[%clk 1:10:21]} Nxd5 {[%clk 0:52:42]} 16. cxd5 {[%clk
1:04:20]} Qb8 {[%clk 0:52:43]} 17. h3 {[%clk 1:03:40]} Rxc1 {[%clk 0:51:44]}
18. Rxc1 {[%clk 1:04:02]} Bc8 {[%clk 0:50:16]} 19. Qb4 {[%clk 0:54:18]} Nd7
{[%clk 0:47:03]} 20. Qc4 {[%clk 0:46:55]} Nb6 {[%clk 0:43:13]} 21. Qc7 {[%clk
0:44:31]} Qxc7 {[%clk 0:43:30]} 22. Rxc7 {[%clk 0:44:53]} Na8 {[%clk 0:43:34]}
23. Rc1 {[%clk 0:41:16]} Bd7 {[%clk 0:43:40]} 24. b4 {[%clk 0:39:45]} Rc8
{[%clk 0:35:41]} 25. Rxc8+ {[%clk 0:36:27]} Bxc8 {[%clk 0:31:19]} 26. b5 {[%clk
0:30:59]} Nc7 {[%clk 0:27:57]} 27. b6 {[%clk 0:28:06]} Bxd4 {[%clk 0:26:04]}
28. Bxd4 {[%clk 0:28:18]} Ne8 {[%clk 0:26:18]} 29. f4 {[%clk 0:19:24]} Nf6
{[%clk 0:21:28]} 30. Bf3 {[%clk 0:17:07]} Nd7 {[%clk 0:12:21]} 31. e5 {[%clk
0:15:36]} Kh7 {[%clk 0:10:22]} 32. Kf2 {[%clk 0:14:19]} f6 {[%clk 0:10:09]} 33.
e6 {[%clk 0:09:09]} Nf8 {[%clk 0:10:20]} 34. Bxf6 {[%clk 0:09:00]} Kg8 {[%clk
0:09:29]} 35. Bxe7 {[%clk 0:09:12]} Bd7 {[%clk 0:05:38]} 36. Bxf8 {[%clk
0:09:12]} Kxf8 {[%clk 0:05:59]} 37. exd7 {[%clk 0:09:37]} Ke7 {[%clk 0:06:23]}
38. Be4 {[%clk 0:10:03]} Kxd7 {[%clk 0:06:47]} 39. Bxg6 {[%clk 0:10:26]} 1-0

[Event "DVM U14 2019"]
[Site "Magdeburg GER"]
[Date "2019.12.28"]
[Round "3"]
[White "Sohr, Jim"]
[Black "von Krosigk, Florian"]
[Result "0-1"]
[Termination "normal"]
[Board "1.3"]
[WhiteElo "1730"]
[BlackElo "1984"]
[WhiteClock "00:01:21"]
[BlackClock "00:14:36"]
[WhiteTeam "SV Königsjäger Süd-West e.V."]
[BlackTeam "Hamburger SK"]
[PlyCount "74"]
[WhiteFideId "16245105"]
[BlackFideId "16227808"]
[EventCountry "GER"]
[EventRounds "7"]
[EventType "team-swiss"]
[EventDate "2019.12.26"]

1. d4 {[%clk 1:30:56]} Nf6 {[%clk 1:30:51]} 2. c4 {[%clk 1:31:21]} e6 {[%clk
1:31:14]} 3. Nc3 {[%clk 1:31:45]} Bb4 {[%clk 1:31:34]} 4. Qc2 {[%clk 1:32:04]}
O-O {[%clk 1:31:43]} 5. a3 {[%clk 1:32:26]} Bxc3+ {[%clk 1:32:01]} 6. Qxc3
{[%clk 1:32:25]} d6 {[%clk 1:32:07]} 7. Nf3 {[%clk 1:27:09]} Re8 {[%clk
1:32:01]} 8. e3 {[%clk 1:23:45]} Qe7 {[%clk 1:23:21]} 9. Be2 {[%clk 1:19:06]}
e5 {[%clk 1:22:25]} 10. dxe5 {[%clk 1:12:00]} dxe5 {[%clk 1:18:14]} 11. O-O
{[%clk 1:10:12]} h6 {[%clk 1:08:04]} 12. b4 {[%clk 1:04:37]} Bf5 {[%clk
1:05:54]} 13. Bb2 {[%clk 1:01:13]} Nbd7 {[%clk 1:05:47]} 14. Nd2 {[%clk
0:58:39]} c5 {[%clk 1:04:06]} 15. Bd1 {[%clk 0:48:42]} Rac8 {[%clk 0:46:28]}
16. Ba4 {[%clk 0:44:13]} Bh7 {[%clk 0:31:59]} 17. Rad1 {[%clk 0:41:38]} a6 18.
Nf3 {[%clk 0:38:52]} cxb4 {[%clk 0:28:28]} 19. axb4 {[%clk 0:38:33]} b5 {[%clk
0:28:53]} 20. Bb3 {[%clk 0:33:58]} Ne4 {[%clk 0:27:40]} 21. Qe1 {[%clk
0:25:08]} bxc4 {[%clk 0:22:02]} 22. Ba4 {[%clk 0:23:10]} Red8 {[%clk 0:21:50]}
23. Bxd7 {[%clk 0:20:45]} Rxd7 {[%clk 0:22:19]} 24. Rxd7 {[%clk 0:20:11]} Qxd7
{[%clk 0:22:47]} 25. Nxe5 {[%clk 0:16:16]} Qa4 {[%clk 0:20:25]} 26. f3 {[%clk
0:14:41]} c3 {[%clk 0:18:39]} 27. fxe4 {[%clk 0:09:41]} cxb2 {[%clk 0:19:07]}
28. Qf2 {[%clk 0:09:57]} Qa2 {[%clk 0:13:00]} 29. Nxf7 {[%clk 0:08:10]} Bg6
{[%clk 0:13:23]} 30. Nxh6+ {[%clk 0:05:18]} gxh6 {[%clk 0:13:51]} 31. Qf6
{[%clk 0:04:51]} Bf7 {[%clk 0:13:58]} 32. Qxh6 {[%clk 0:03:09]} b1=Q {[%clk
0:13:27]} 33. Qg5+ {[%clk 0:03:23]} Kf8 {[%clk 0:13:43]} 34. Qh6+ {[%clk
0:03:26]} Ke8 {[%clk 0:13:48]} 35. Qh8+ {[%clk 0:02:17]} Kd7 {[%clk 0:14:14]}
36. Qd4+ {[%clk 0:02:10]} Kc6 {[%clk 0:14:07]} 37. Qc5+ {[%clk 0:01:21]} Kb7
{[%clk 0:14:36]} 0-1

[Event "DVM U14 2019"]
[Site "Magdeburg GER"]
[Date "2019.12.28"]
[Round "3"]
[White "Huo, Da"]
[Black "Korek, Jakob Alexander"]
[Result "1-0"]
[Termination "normal"]
[Board "1.4"]
[WhiteElo "1771"]
[BlackElo "1656"]
[WhiteClock "00:08:38"]
[BlackClock "00:35:30"]
[WhiteTeam "Hamburger SK"]
[BlackTeam "SV Königsjäger Süd-West e.V."]
[PlyCount "79"]
[WhiteFideId "16221206"]
[BlackFideId "16240022"]
[EventCountry "GER"]
[EventRounds "7"]
[EventType "team-swiss"]
[EventDate "2019.12.26"]

1. e4 {[%clk 1:30:56]} c6 {[%clk 1:30:53]} 2. d4 {[%clk 1:31:18]} d5 {[%clk
1:31:16]} 3. Nd2 {[%clk 1:30:52]} dxe4 4. Nxe4 {[%clk 1:31:14]} Bf5 {[%clk
1:31:46]} 5. Ng3 {[%clk 1:31:39]} Bg6 {[%clk 1:32:10]} 6. h4 {[%clk 1:32:01]}
h6 {[%clk 1:32:28]} 7. h5 {[%clk 1:32:24]} Bh7 {[%clk 1:32:49]} 8. Nf3 {[%clk
1:32:45]} Nd7 {[%clk 1:32:54]} 9. Bd3 {[%clk 1:33:04]} Bxd3 {[%clk 1:33:09]}
10. Qxd3 {[%clk 1:33:30]} e6 {[%clk 1:32:44]} 11. Bd2 {[%clk 1:32:02]} Ngf6
{[%clk 1:32:36]} 12. O-O-O {[%clk 1:28:17]} Bd6 {[%clk 1:30:23]} 13. Ne4 {[%clk
1:27:51]} Nxe4 {[%clk 1:29:52]} 14. Qxe4 {[%clk 1:28:13]} Nf6 {[%clk 1:28:57]}
15. Qe2 {[%clk 1:28:29]} Qc7 {[%clk 1:27:39]} 16. Kb1 {[%clk 1:26:01]} O-O
{[%clk 1:27:13]} 17. Rdg1 {[%clk 1:16:04]} c5 {[%clk 1:25:41]} 18. g4 {[%clk
1:14:38]} Nd5 {[%clk 1:19:46]} 19. g5 {[%clk 1:02:47]} hxg5 {[%clk 1:17:08]}
20. Nxg5 {[%clk 0:40:15]} Nf4 {[%clk 1:15:16]} 21. Bxf4 {[%clk 0:33:57]} Bxf4
{[%clk 1:15:22]} 22. Qe4 {[%clk 0:34:06]} Bxg5 {[%clk 1:12:52]} 23. Rxg5 {[%clk
0:34:10]} Kh8 {[%clk 1:04:55]} 24. Rhg1 {[%clk 0:29:40]} Rg8 {[%clk 1:04:28]}
25. h6 {[%clk 0:30:00]} g6 {[%clk 1:03:03]} 26. Rxc5 {[%clk 0:23:12]} Qe7
{[%clk 1:00:46]} 27. Qf4 {[%clk 0:19:35]} Rac8 {[%clk 1:00:04]} 28. Rxc8 {[%clk
0:18:26]} Rxc8 {[%clk 0:59:58]} 29. Qe5+ {[%clk 0:18:23]} f6 {[%clk 0:59:32]}
30. Qe4 {[%clk 0:18:36]} g5 {[%clk 0:58:41]} 31. f4 {[%clk 0:18:08]} Rg8 {[%clk
0:58:10]} 32. f5 {[%clk 0:13:45]} Re8 {[%clk 0:57:32]} 33. Re1 {[%clk 0:12:56]}
e5 {[%clk 0:54:54]} 34. c3 {[%clk 0:12:33]} Kh7 {[%clk 0:54:28]} 35. dxe5
{[%clk 0:12:34]} Qc7 {[%clk 0:48:50]} 36. e6 {[%clk 0:11:36]} Kxh6 {[%clk
0:47:52]} 37. Qh1+ {[%clk 0:10:55]} Kg7 {[%clk 0:48:04]} 38. Qh5 {[%clk
0:10:43]} Kf8 {[%clk 0:39:49]} 39. Rd1 {[%clk 0:08:39]} Qg7 {[%clk 0:35:30]}
40. Rd7 {[%clk 0:08:38]} 1-0

[Event "DVM U14 2019"]
[Site "Magdeburg GER"]
[Date "2019.12.28"]
[Round "3"]
[White "Zeuner, Ole"]
[Black "Schubert, Nikita"]
[Result "1-0"]
[Termination "normal"]
[Board "2.1"]
[WhiteElo "1794"]
[BlackElo "1914"]
[WhiteClock "00:11:03"]
[BlackClock "00:00:33"]
[WhiteTeam "Schachzwerge Magdeburg"]
[BlackTeam "ESV Gera"]
[PlyCount "77"]
[WhiteFideId "12943576"]
[BlackFideId "16212339"]
[EventCountry "GER"]
[EventRounds "7"]
[EventType "team-swiss"]
[EventDate "2019.12.26"]

1. e4 {[%clk 1:30:57]} e5 {[%clk 1:30:49]} 2. Nf3 {[%clk 1:31:22]} Nc6 {[%clk
1:31:11]} 3. Bb5 {[%clk 1:31:47]} a6 {[%clk 1:31:28]} 4. Ba4 {[%clk 1:32:12]}
Nf6 {[%clk 1:30:39]} 5. d3 {[%clk 1:32:35]} b5 {[%clk 1:30:37]} 6. Bb3 {[%clk
1:32:59]} Be7 {[%clk 1:20:05]} 7. O-O {[%clk 1:33:19]} d6 {[%clk 1:19:55]} 8.
c3 {[%clk 1:33:43]} O-O {[%clk 1:19:13]} 9. Re1 {[%clk 1:34:08]} Na5 {[%clk
1:14:22]} 10. Bc2 {[%clk 1:34:35]} c5 {[%clk 1:14:40]} 11. Nbd2 {[%clk
1:34:56]} Re8 {[%clk 1:07:35]} 12. Nf1 {[%clk 1:35:11]} Bf8 {[%clk 1:07:30]}
13. Ne3 {[%clk 1:35:25]} g6 {[%clk 0:57:18]} 14. h3 {[%clk 1:30:21]} Bg7 {[%clk
0:53:19]} 15. Nh2 {[%clk 1:23:54]} Be6 {[%clk 0:49:37]} 16. Nhg4 {[%clk
1:23:16]} h5 {[%clk 0:41:52]} 17. Nh2 {[%clk 1:19:07]} Nc6 {[%clk 0:38:14]} 18.
Nf3 {[%clk 1:17:16]} Rf8 {[%clk 0:31:35]} 19. Ng5 {[%clk 1:15:12]} Bd7 {[%clk
0:31:16]} 20. Bb3 {[%clk 1:15:07]} Na5 {[%clk 0:30:55]} 21. Bc2 {[%clk
1:14:25]} Nc6 {[%clk 0:31:07]} 22. Rf1 {[%clk 1:12:13]} Nh7 {[%clk 0:29:09]}
23. Nxh7 {[%clk 1:10:58]} Kxh7 {[%clk 0:29:23]} 24. f4 {[%clk 1:04:24]} exf4
{[%clk 0:20:01]} 25. Nd5 {[%clk 1:04:02]} Ne7 {[%clk 0:09:55]} 26. Nxf4 {[%clk
1:01:30]} Bc6 {[%clk 0:07:03]} 27. Be3 {[%clk 1:00:04]} Rc8 {[%clk 0:05:50]}
28. d4 {[%clk 0:58:34]} cxd4 {[%clk 0:03:47]} 29. cxd4 {[%clk 0:57:41]} Kg8
{[%clk 0:03:05]} 30. Qd3 {[%clk 0:53:05]} Bd7 {[%clk 0:01:08]} 31. Bb3 {[%clk
0:52:23]} Bc6 {[%clk 0:00:51]} 32. Rf2 {[%clk 0:36:48]} d5 {[%clk 0:00:51]} 33.
e5 {[%clk 0:35:02]} Nf5 {[%clk 0:00:41]} 34. Re1 {[%clk 0:20:26]} Nxe3 {[%clk
0:00:38]} 35. Rxe3 {[%clk 0:20:25]} Bh6 {[%clk 0:00:48]} 36. Rg3 {[%clk
0:19:04]} Bxf4 {[%clk 0:00:42]} 37. Rxf4 {[%clk 0:19:11]} Be8 {[%clk 0:00:41]}
38. Qf3 {[%clk 0:16:47]} Kh7 {[%clk 0:00:33]} 39. Rf6 {[%clk 0:11:03]} 1-0

[Event "DVM U14 2019"]
[Site "Magdeburg GER"]
[Date "2019.12.28"]
[Round "3"]
[White "Müller, Magnus"]
[Black "Stockmann, Till"]
[Result "1-0"]
[Termination "normal"]
[Board "2.2"]
[WhiteElo "2055"]
[BlackElo "1894"]
[WhiteClock "00:30:19"]
[BlackClock "00:04:40"]
[WhiteTeam "ESV Gera"]
[BlackTeam "Schachzwerge Magdeburg"]
[PlyCount "105"]
[WhiteFideId "16230060"]
[BlackFideId "12979341"]
[EventCountry "GER"]
[EventRounds "7"]
[EventType "team-swiss"]
[EventDate "2019.12.26"]

1. e4 {[%clk 1:30:28]} c5 {[%clk 1:30:52]} 2. Nf3 {[%clk 1:30:53]} e6 {[%clk
1:31:09]} 3. g3 {[%clk 1:31:05]} d5 {[%clk 1:21:05]} 4. exd5 {[%clk 1:31:29]}
exd5 {[%clk 1:21:28]} 5. d4 {[%clk 1:28:48]} Nf6 {[%clk 1:13:20]} 6. Bg2 {[%clk
1:29:06]} Nc6 {[%clk 1:10:26]} 7. O-O {[%clk 1:18:40]} c4 {[%clk 1:09:34]} 8.
Ne5 {[%clk 1:14:52]} Nxe5 {[%clk 0:58:06]} 9. dxe5 {[%clk 1:15:17]} Ne4 {[%clk
0:58:24]} 10. Be3 {[%clk 1:06:09]} Be6 {[%clk 0:51:19]} 11. Nc3 {[%clk
1:04:40]} Nxc3 {[%clk 0:49:10]} 12. bxc3 {[%clk 1:05:03]} g6 {[%clk 0:40:45]}
13. Qb1 {[%clk 1:03:53]} Qd7 {[%clk 0:39:49]} 14. a4 {[%clk 1:02:44]} Bg7
{[%clk 0:37:54]} 15. f4 {[%clk 1:02:49]} O-O {[%clk 0:37:46]} 16. Rd1 {[%clk
1:00:09]} Rfd8 {[%clk 0:36:47]} 17. Qb5 {[%clk 0:55:12]} f6 {[%clk 0:31:11]}
18. Bd4 {[%clk 0:48:05]} fxe5 {[%clk 0:30:34]} 19. Qxd7 {[%clk 0:47:45]} Rxd7
{[%clk 0:30:54]} 20. fxe5 {[%clk 0:48:03]} a6 {[%clk 0:24:29]} 21. Rab1 {[%clk
0:47:18]} Bf5 {[%clk 0:24:11]} 22. Rb2 {[%clk 0:46:10]} Re8 {[%clk 0:24:07]}
23. Re1 {[%clk 0:46:23]} Be6 {[%clk 0:22:00]} 24. Rb6 {[%clk 0:46:36]} Bf5
{[%clk 0:17:38]} 25. e6 {[%clk 0:42:41]} Rdd8 {[%clk 0:17:05]} 26. Bxg7 {[%clk
0:40:14]} Kxg7 {[%clk 0:17:25]} 27. Rxb7+ {[%clk 0:40:37]} Kf6 {[%clk 0:17:25]}
28. Rf7+ {[%clk 0:39:47]} Kg5 {[%clk 0:17:41]} 29. Re5 {[%clk 0:36:34]} Kh6
{[%clk 0:15:18]} 30. Bxd5 {[%clk 0:36:15]} Rxd5 {[%clk 0:15:11]} 31. Rfxf5
{[%clk 0:35:42]} Rd6 {[%clk 0:11:54]} 32. Rf4 {[%clk 0:35:17]} Rdxe6 {[%clk
0:11:37]} 33. Rxe6 {[%clk 0:35:34]} Rxe6 {[%clk 0:12:02]} 34. Kf2 {[%clk
0:35:40]} Rd6 {[%clk 0:09:17]} 35. Ke3 {[%clk 0:36:01]} Re6+ {[%clk 0:09:37]}
36. Re4 {[%clk 0:36:23]} Rc6 {[%clk 0:09:52]} 37. Kd4 {[%clk 0:35:55]} Rd6+
{[%clk 0:10:12]} 38. Kxc4 {[%clk 0:36:18]} Rd2 {[%clk 0:10:34]} 39. Rh4+ {[%clk
0:33:10]} Kg7 {[%clk 0:10:42]} 40. Kb3 {[%clk 0:31:16]} g5 {[%clk 0:09:39]} 41.
Rg4 {[%clk 0:31:32]} Kf6 {[%clk 0:09:51]} 42. h4 {[%clk 0:31:59]} h6 {[%clk
0:09:33]} 43. Rd4 {[%clk 0:31:53]} Rg2 {[%clk 0:08:48]} 44. Rd6+ {[%clk
0:30:00]} Kg7 {[%clk 0:09:02]} 45. hxg5 {[%clk 0:30:00]} hxg5 {[%clk 0:09:24]}
46. Rd3 {[%clk 0:30:17]} Kf6 {[%clk 0:09:12]} 47. c4 {[%clk 0:30:42]} Re2
{[%clk 0:08:13]} 48. c5 {[%clk 0:29:14]} Re7 {[%clk 0:07:29]} 49. Kb4 {[%clk
0:29:30]} Rc7 {[%clk 0:05:53]} 50. Rd5 {[%clk 0:29:18]} g4 {[%clk 0:04:15]} 51.
Ka5 {[%clk 0:29:40]} Re7 {[%clk 0:04:20]} 52. c6 {[%clk 0:29:54]} Rc7 {[%clk
0:04:40]} 53. Kb6 {[%clk 0:30:19]} 1-0

[Event "DVM U14 2019"]
[Site "Magdeburg GER"]
[Date "2019.12.28"]
[Round "3"]
[White "Morgenstern, Tobias"]
[Black "Frank, Marek"]
[Result "1-0"]
[Termination "normal"]
[Board "2.3"]
[WhiteElo "1943"]
[BlackElo "1430"]
[WhiteClock "00:04:13"]
[BlackClock "00:03:10"]
[WhiteTeam "Schachzwerge Magdeburg"]
[BlackTeam "ESV Gera"]
[PlyCount "127"]
[WhiteFideId "12974390"]
[BlackFideId "16239520"]
[EventCountry "GER"]
[EventRounds "7"]
[EventType "team-swiss"]
[EventDate "2019.12.26"]

1. e4 {[%clk 1:30:57]} c5 {[%clk 1:30:49]} 2. Nf3 {[%clk 1:31:23]} d6 {[%clk
1:31:10]} 3. d4 {[%clk 1:31:31]} cxd4 {[%clk 1:31:29]} 4. Nxd4 {[%clk 1:31:52]}
Nf6 {[%clk 1:31:46]} 5. Nc3 {[%clk 1:32:00]} a6 {[%clk 1:32:07]} 6. Qf3 {[%clk
1:28:39]} e5 {[%clk 1:26:50]} 7. Nf5 {[%clk 1:28:11]} Nc6 {[%clk 1:19:47]} 8.
Be3 {[%clk 1:14:01]} g6 {[%clk 1:09:35]} 9. Nh6 {[%clk 1:13:18]} Bxh6 {[%clk
1:08:45]} 10. Bxh6 {[%clk 1:13:30]} Nd4 {[%clk 1:08:48]} 11. Qd3 {[%clk
1:12:50]} Ng4 {[%clk 1:07:38]} 12. Bd2 {[%clk 1:05:18]} Qh4 {[%clk 1:03:41]}
13. Nd1 {[%clk 1:03:15]} Bd7 {[%clk 1:01:01]} 14. c3 {[%clk 0:50:46]} Bb5
{[%clk 0:50:37]} 15. Qb1 {[%clk 0:50:28]} Bxf1 {[%clk 0:46:43]} 16. Kxf1 {[%clk
0:47:13]} Ne6 {[%clk 0:39:57]} 17. h3 {[%clk 0:44:30]} Nf6 {[%clk 0:38:27]} 18.
f3 {[%clk 0:39:56]} Nh5 {[%clk 0:28:37]} 19. Be1 {[%clk 0:39:21]} Qg5 {[%clk
0:25:01]} 20. Qc1 {[%clk 0:35:30]} Ng3+ {[%clk 0:19:25]} 21. Bxg3 {[%clk
0:35:53]} Qxg3 {[%clk 0:19:45]} 22. Ne3 {[%clk 0:34:17]} O-O {[%clk 0:15:06]}
23. Nd5 {[%clk 0:26:25]} f5 {[%clk 0:12:05]} 24. Qe1 {[%clk 0:20:57]} Qxe1+
{[%clk 0:09:59]} 25. Rxe1 {[%clk 0:21:10]} Nc5 {[%clk 0:08:52]} 26. exf5 {[%clk
0:19:40]} gxf5 {[%clk 0:09:14]} 27. Rd1 {[%clk 0:17:47]} Rad8 {[%clk 0:07:12]}
28. Ke2 {[%clk 0:11:24]} Kf7 {[%clk 0:05:43]} 29. g4 {[%clk 0:10:49]} Ke6
{[%clk 0:05:06]} 30. Rhg1 {[%clk 0:09:25]} fxg4 {[%clk 0:04:08]} 31. hxg4
{[%clk 0:08:02]} e4 {[%clk 0:03:44]} 32. fxe4 {[%clk 0:06:45]} Nxe4 {[%clk
0:04:05]} 33. Ke3 {[%clk 0:06:45]} Ng5 {[%clk 0:03:41]} 34. Rh1 {[%clk
0:05:12]} Rf3+ {[%clk 0:02:16]} 35. Ke2 {[%clk 0:05:34]} Rdf8 {[%clk 0:02:29]}
36. Ne3 {[%clk 0:04:15]} Rf2+ {[%clk 0:01:53]} 37. Ke1 {[%clk 0:04:14]} Rxb2
{[%clk 0:01:50]} 38. Rh6+ {[%clk 0:04:31]} Ke7 {[%clk 0:01:59]} 39. Nf5+ {[%clk
0:04:13]} Ke8 {[%clk 0:01:33]} 40. Nxd6+ {[%clk 0:03:41]} Ke7 {[%clk 0:01:55]}
41. Nf5+ {[%clk 0:01:25]} Ke8 {[%clk 0:00:50]} 42. Rd5 {[%clk 0:22:16]} Rg8
{[%clk 0:20:38]} 43. Rhd6 {[%clk 0:15:02]} Rg6 {[%clk 0:15:03]} 44. Re5+ {[%clk
0:13:00]} Re6 {[%clk 0:12:21]} 45. Rdxe6+ {[%clk 0:11:44]} Nxe6 46. Rxe6+
{[%clk 0:12:11]} Kf8 {[%clk 0:11:17]} 47. Re2 {[%clk 0:11:30]} Rb5 {[%clk
0:09:50]} 48. Kf2 {[%clk 0:10:19]} h5 {[%clk 0:09:19]} 49. Nd4 {[%clk 0:08:46]}
Ra5 {[%clk 0:08:31]} 50. g5 {[%clk 0:07:33]} Kf7 {[%clk 0:08:41]} 51. Nf3
{[%clk 0:07:46]} Rc5 {[%clk 0:08:32]} 52. Ne5+ {[%clk 0:06:38]} Kg7 {[%clk
0:08:24]} 53. c4 {[%clk 0:06:50]} b5 {[%clk 0:07:48]} 54. cxb5 {[%clk 0:06:25]}
axb5 {[%clk 0:08:10]} 55. Kg3 {[%clk 0:06:49]} Rc1 {[%clk 0:05:44]} 56. Kf4
{[%clk 0:06:21]} Rc3 {[%clk 0:04:56]} 57. Kf5 {[%clk 0:06:08]} b4 {[%clk
0:05:15]} 58. Rh2 {[%clk 0:05:50]} Ra3 {[%clk 0:04:46]} 59. Rb2 {[%clk
0:03:59]} Ra5 {[%clk 0:04:16]} 60. Rxb4 {[%clk 0:03:56]} Rxa2 {[%clk 0:04:30]}
61. Rb7+ {[%clk 0:04:18]} Kf8 {[%clk 0:04:11]} 62. g6 {[%clk 0:03:38]} h4
{[%clk 0:02:45]} 63. g7+ {[%clk 0:03:58]} Kg8 {[%clk 0:03:10]} 64. Ng4 {[%clk
0:04:13]} 1-0